000 00421pam a2200157a 44500
008 230515b2007 xxu||||| |||| 00| 0 eng d
020 _a81-8061-427-1
041 _aENGLISH
082 _a618.1/ZUT
100 _aZUTSHI V/RATHORE/SHARMA.
245 _aHORMONES IN OBSTETRICS & GYNAECOLOGY.
250 _a2
260 _aPUNE
_bJAYPEE BROTHERS
_c2007
300 _a165
650 _aHORMONES IN OBSTETRICS & GYNAECOLOGY.
999 _c496335
_d496335